Open Data Biblioteca Nacional de Portugal


República Portuguesa: Ministério da Cultura
Biblioteca Nacional de Portugal

Catálogo da BNP: acesso por Identificadores Unívocos
Registos Bibliográficos associados ao registo de autoridade

Etiqueta de registo: 00254nam 2200025 450
001 2284892
003 http://id.bnportugal.gov.pt/bib/catbnp/2284892
010 ## $a978-972-608-492-1
021 ## $aPT$b559688/26
100 ## $a20260421d2026 m y0pory01030103ba
101 1# $apor$cita
102 ## $aPT
105 ## $ay z 000yy
106 ## $ar
200 1# $aQuando o mundo dorme - histórias, palavras e feridas da Palestina$fFrancesca Albanese$gpref. Shahd Wadi$gtrad. Pedro Morais
205 ## $a1ª ed
210 #9 $aLisboa$cAntígona,$d2026
215 ## $a252, [4] p.$d21 cm
304 ## $aTít. orig.: Quando il mondo dorme - storie, parole e ferite della Palestina
700 #1 $aAlbanese,$bFrancesca,$f1977-$31996427
702 #1 $aShahd,$bWadi$4080$31582769
702 #1 $94$aMorais,$bPedro$4730$31662049
801 #0 $aPT$bBN$gRPC
966 ## $lBN$mFGMON$x1
966 ## $lBN$mFGMON$x1
971 ## $corlando$d20260421

OpendataBNP@bnportugal.pt | Mais informação sobre acesso aos dados BNP